[Event "Titled Tuesday intern op 01st Apr Early"]
[Site "Chess.com INT"]
[Date "2025.04.01"]
[Round "1"]
[White "Rossi, Maximiliano"]
[Black "Jia, Haoxiang"]
[Result "0-1"]
[WhiteElo "2013"]
[BlackElo "2316"]
[PlyCount "66"]
[EventDate "2025.04.01"]
[EventType "swiss (blitz)"]
[EventRounds "11"]
[EventCountry "USA"]
[SourceTitle "CB15_2025"]
[SourceDate "2025.04.09"]
[SourceVersion "1"]
[SourceVersionDate "2025.04.09"]
[SourceQuality "1"]

1. e4 c5 2. Nf3 d6 3. d4 cxd4 4. Nxd4 Nf6 5. f3 e5 6. Bb5+ Bd7 7. Bxd7+ Qxd7 8. Nf5 d5 9. Bg5 dxe4 10. Bxf6 Qxd1+ 11. Kxd1 gxf6 12. fxe4 Nc6 13. c3 Ne7 14. Nd6+ Kd7 15. Nxb7 Nc6 16. b4 Rb8 17. Nc5+ Bxc5 18. bxc5 Rb2 19. Nd2 Rhb8 20. Rf1 Ke6 21. Rf3 Na5 22. Ke1 Rc8 23. Nb3 Nc4 24. Rf2 a5 25. Rd1 Rxf2 26. Kxf2 a4 27. Nc1 Rxc5 28. Nd3 Rc8 29. Nb4 Nd6 30. Kf3 Rxc3+ 31. Rd3 Rc4 32. a3 Nxe4 33. Rd8 Nd6 0-1

[Event "Titled Tuesday intern op 25th Mar Early"]
[Site "Chess.com INT"]
[Date "2025.03.25"]
[Round "4"]
[White "Van der Hagen, Loek"]
[Black "Jia, Haoxiang"]
[Result "0-1"]
[WhiteElo "2300"]
[BlackElo "2316"]
[PlyCount "114"]
[EventDate "2025.03.25"]
[EventType "swiss (blitz)"]
[EventRounds "11"]
[EventCountry "USA"]
[SourceTitle "CB14_2025"]
[SourceDate "2024.11.01"]
[SourceVersion "1"]
[SourceVersionDate "2024.11.01"]
[SourceQuality "1"]

1. Nf3 Nf6 2. g3 g6 3. Bg2 Bg7 4. 0-0 0-0 5. d3 d6 6. e4 e5 7. Nc3 c6 8. h3 Nbd7 9. g4 Ne8 10. Bg5 f6 11. Bh4 Qb6 12. b3 Nc5 13. a4 Ne6 14. Bg3 f5 15. exf5 gxf5 16. gxf5 Rxf5 17. Nh4 Rf7 18. Qd2 Nf4 19. Bxf4 Rxf4 20. Nf3 Bxh3 21. Bxh3 Rxf3 22. Bg2 Rf4 23. Ne4 Qc7 24. Rae1 Nf6 25. Ng5 Re8 26. Re3 h6 27. Nh3 Rg4 28. Rg3 d5 29. Qe2 h5 30. Ng5 e4 31. Rxg4 Nxg4 32. f4 Rf8 33. Ne6 Qb6+ 34. Kh1 Rf6 35. Nxg7 Kxg7 36. dxe4 dxe4 37. Bxe4 Re6 38. f5 Re5 39. Qf3 Qd4 40. f6+ Kf8 41. Bd3 Re3 42. Qg2 Qe5 43. f7 Rg3 44. Qe2 Rh3+ 45. Kg1 Qg3+ 46. Qg2 Qe3+ 47. Rf2 Rg3 48. Kf1 Rxg2 49. Rxg2 Qf3+ 50. Kg1 Qd1+ 51. Bf1 Qd4+ 52. Kh1 Ne3 53. Rf2 Qh4+ 54. Kg1 Ng4 55. Bg2 Qxf2+ 56. Kh1 Qe1+ 57. Bf1 Qxf1# 0-1

[Event "Titled Tuesday intern op 04th Feb Early"]
[Site "Chess.com INT"]
[Date "2025.02.04"]
[Round "2"]
[White "Jia, Haoxiang"]
[Black "Zhigalko, Sergei"]
[Result "1-0"]
[WhiteElo "2316"]
[BlackElo "2572"]
[PlyCount "73"]
[EventDate "2025.02.04"]
[EventType "swiss (blitz)"]
[EventRounds "11"]
[EventCountry "USA"]
[SourceTitle "CB07_2025"]
[SourceDate "2025.02.12"]
[SourceVersion "1"]
[SourceVersionDate "2025.02.12"]
[SourceQuality "1"]

1. e4 c5 2. Nc3 Nc6 3. f4 g6 4. Nf3 Bg7 5. Bc4 e6 6. d3 Nge7 7. 0-0 d5 8. Bb3 0-0 9. e5 Nf5 10. Ne2 f6 11. exf6 Bxf6 12. c3 b5 13. Re1 a5 14. a4 b4 15. g4 Nh4 16. Nxh4 Bxh4 17. Rf1 Bf6 18. Be3 Qd6 19. Qd2 Rb8 20. c4 Ba6 21. cxd5 exd5 22. Rac1 Nd4 23. Nxd4 Bxd4 24. Bxd4 cxd4 25. Qg2 Rbd8 26. Rf3 Rxf4 27. Bxd5+ Kh8 28. Be4 Rxf3 29. Qxf3 Rf8 30. Qg3 Qf6 31. g5 Qe7 32. Rc7 Qe8 33. Qd6 Rf7 34. Qxd4+ Kg8 35. Rxf7 Kxf7 36. Qf6+ Kg8 37. Bd5+ 1-0

[Event "CHN-chT Div-B"]
[Site "Binhai"]
[Date "2024.08.13"]
[Round "3.2"]
[White "Liu, Meng"]
[Black "Jia, Haoxiang"]
[Result "1/2-1/2"]
[WhiteElo "2027"]
[BlackElo "2331"]
[PlyCount "65"]
[EventDate "2024.08.12"]
[EventType "team-swiss"]
[EventRounds "9"]
[EventCountry "CHN"]
[SourceTitle "CBM 221 Extra"]
[Source "ChessBase"]
[SourceDate "2024.09.30"]
[SourceVersion "1"]
[SourceVersionDate "2024.09.30"]
[SourceQuality "1"]
[WhiteTeam "Heilongjiang Beifang"]
[BlackTeam "Shenzhen Qixin"]
[WhiteTeamCountry "CHN"]
[BlackTeamCountry "CHN"]

1. d4 Nf6 2. c4 g6 3. Nc3 d5 4. Bf4 Bg7 5. e3 0-0 6. cxd5 Nxd5 7. Nxd5 Qxd5 8. Bxc7 Na6 9. Bxa6 Qxg2 10. Qf3 Qxf3 11. Nxf3 bxa6 12. b3 Bb7 13. Ke2 f6 14. Rhc1 Rf7 15. Rc3 e5 16. Rac1 Re8 17. Ba5 exd4 18. Nxd4 f5 19. Rc7 Be5 20. Rxf7 Kxf7 21. Nf3 Bf6 22. Bb4 Rc8 23. Rxc8 Bxc8 24. Bc5 g5 25. Bxa7 g4 26. Nd4 Be5 27. f4 Bf6 28. Kd3 h5 29. e4 fxe4+ 30. Kxe4 Bb7+ 31. Ke3 h4 32. Kf2 Kg6 33. b4 1/2-1/2

[Event "Titled Tuesday intern op 02nd Jul Early"]
[Site "Chess.com INT"]
[Date "2024.07.02"]
[Round "1"]
[White "Srivatsan, Karthikeyan"]
[Black "Jia, Haoxiang"]
[Result "0-1"]
[WhiteElo "1851"]
[BlackElo "2331"]
[PlyCount "90"]
[EventDate "2024.07.02"]
[EventType "swiss (blitz)"]
[EventRounds "11"]
[EventCountry "USA"]
[SourceTitle "EXT 2025"]
[Source "ChessBase"]
[SourceDate "2024.10.14"]
[SourceVersion "1"]
[SourceVersionDate "2024.10.14"]
[SourceQuality "1"]

1. e4 c5 2. Nf3 d6 3. d4 cxd4 4. Nxd4 Nf6 5. f3 e5 6. Nb3 d5 7. Bg5 d4 8. c3 Nc6 9. Bb5 Be6 10. 0-0 Be7 11. cxd4 Bxb3 12. axb3 exd4 13. e5 Nd5 14. Bxe7 Ndxe7 15. Na3 0-0 16. f4 a6 17. Bd3 b5 18. Rc1 Rc8 19. Be4 Qb6 20. Kh1 Rfd8 21. Qd3 g6 22. Nc2 Nd5 23. Rfd1 Nxf4 24. Qf3 Ne6 25. Qf6 Qc5 26. Bxc6 Qxc6 27. h4 Qe4 28. Rf1 Rf8 29. Nb4 Rxc1 30. Rxc1 d3 31. Nc6 Ng7 32. Ne7+ Kh8 33. Rd1 d2 34. Qf2 Qxe5 35. Nc6 Qe4 36. Nd4 Nh5 37. Rxd2 Re8 38. Qxf7 Qe1+ 39. Kh2 Qxh4+ 40. Kg1 Re1+ 41. Qf1 Rxf1+ 42. Kxf1 Qf4+ 43. Ke2 Ng3+ 44. Kd1 Ne4 45. Ne2 Qxd2# 0-1

[Event "Titled Tuesday intern op 18th Jun Early"]
[Site "Chess.com INT"]
[Date "2024.06.18"]
[Round "6"]
[White "Jia, Haoxiang"]
[Black "Luong, Phuong Hanh"]
[Result "0-1"]
[WhiteElo "2331"]
[BlackElo "2160"]
[PlyCount "58"]
[EventDate "2024.06.18"]
[EventType "swiss (blitz)"]
[EventRounds "11"]
[EventCountry "USA"]
[SourceTitle "EXT 2025"]
[Source "ChessBase"]
[SourceDate "2024.10.14"]
[SourceVersion "1"]
[SourceVersionDate "2024.10.14"]
[SourceQuality "1"]

1. e4 c5 2. d4 cxd4 3. c3 Nf6 4. e5 Nd5 5. Qxd4 e6 6. Nf3 Nc6 7. Qe4 d6 8. Bc4 dxe5 9. Nxe5 Bd6 10. Nxc6 bxc6 11. 0-0 0-0 12. Nd2 f5 13. Qf3 Bd7 14. Bb3 Bc7 15. Re1 Qf6 16. Nf1 Rae8 17. Ng3 Kh8 18. Nh5 Qg6 19. Nf4 Nxf4 20. Bxf4 e5 21. Rad1 exf4 22. Rxe8 Bxe8 23. h3 h6 24. Re1 Bf7 25. c4 Bd6 26. Qd3 Bc5 27. Bc2 Qg3 28. Qe2 Bxc4 29. Qf3 Bd5 0-1

[Event "Titled Tuesday intern op 18th Jun Early"]
[Site "Chess.com INT"]
[Date "2024.06.18"]
[Round "1"]
[White "Jia, Haoxiang"]
[Black "Shapiro, Daniel E"]
[Result "1-0"]
[WhiteElo "2331"]
[BlackElo "2284"]
[PlyCount "103"]
[EventDate "2024.06.18"]
[EventType "swiss (blitz)"]
[EventRounds "11"]
[EventCountry "USA"]
[SourceTitle "EXT 2025"]
[Source "ChessBase"]
[SourceDate "2024.10.14"]
[SourceVersion "1"]
[SourceVersionDate "2024.10.14"]
[SourceQuality "1"]

1. e4 c5 2. d4 cxd4 3. c3 dxc3 4. Nxc3 Nc6 5. Bc4 d6 6. Nf3 a6 7. 0-0 Nf6 8. h3 e6 9. Qe2 Qc7 10. Bf4 Ne5 11. Nxe5 dxe5 12. Bg3 Be7 13. Rac1 0-0 14. Bb3 Qb8 15. Na4 b5 16. Nc5 Nd7 17. Nd3 Bb7 18. Rfd1 Rd8 19. f3 Bf6 20. Bf2 Rc8 21. Nc5 Nxc5 22. Bxc5 Rd8 23. Kh1 Rxd1+ 24. Rxd1 Qe8 25. Bb6 h6 26. Qd2 Qe7 27. Qd7 Re8 28. a4 Qxd7 29. Rxd7 Re7 30. Rd8+ Kh7 31. a5 Bg5 32. Bc2 Bf4 33. Bd3 g6 34. Kg1 f5 35. Kf2 Bc1 36. b3 Bb2 37. Ke2 Bd4 38. Bxd4 exd4 39. Rxd4 Kg7 40. Rd6 Kf7 41. Ke3 Rc7 42. Rb6 Bc8 43. g4 fxg4 44. hxg4 Rc3 45. b4 Ke7 46. e5 h5 47. Rb8 h4 48. Kd4 Rb3 49. Bxg6 Bd7 50. Kc5 Rxf3 51. Rh8 Rf4 52. Rh7+ 1-0

[Event "Titled Tuesday intern op 04th Jun Early"]
[Site "Chess.com INT"]
[Date "2024.06.04"]
[Round "2"]
[White "Jia, Haoxiang"]
[Black "Begmuratov, Khumoyun"]
[Result "0-1"]
[WhiteElo "2331"]
[BlackElo "2429"]
[PlyCount "66"]
[EventDate "2024.06.04"]
[EventType "swiss (blitz)"]
[EventRounds "11"]
[EventCountry "USA"]
[SourceTitle "EXT 2025"]
[Source "ChessBase"]
[SourceDate "2024.10.14"]
[SourceVersion "1"]
[SourceVersionDate "2024.10.14"]
[SourceQuality "1"]

1. e4 c5 2. d4 cxd4 3. c3 d3 4. Bxd3 Nc6 5. Nf3 g6 6. h4 h5 7. Bc4 Bg7 8. Ng5 e6 9. Bf4 Nge7 10. Bd6 Qb6 11. Bb3 f6 12. Nh3 Ne5 13. Na3 Qc6 14. f3 Nf7 15. Bxe7 Kxe7 16. Nf4 Ne5 17. Qe2 a5 18. Nc4 Kf7 19. Rd1 a4 20. Nd6+ Kg8 21. Bc2 b6 22. Nxc8 Rxc8 23. Rd4 a3 24. Ba4 axb2 25. Qxb2 Qxc3+ 26. Qxc3 Rxc3 27. 0-0 Bh6 28. Ne2 Be3+ 29. Kh2 Bxd4 30. Nxd4 Rc4 31. Bb3 Rxd4 32. Rc1 Kf7 33. f4 Ng4+ 0-1

[Event "Titled Tuesday intern op 04th Jun Early"]
[Site "Chess.com INT"]
[Date "2024.06.04"]
[Round "7"]
[White "Nasuta, Grzegorz"]
[Black "Jia, Haoxiang"]
[Result "1/2-1/2"]
[WhiteElo "2541"]
[BlackElo "2331"]
[PlyCount "246"]
[EventDate "2024.06.04"]
[EventType "swiss (blitz)"]
[EventRounds "11"]
[EventCountry "USA"]
[SourceTitle "EXT 2025"]
[Source "ChessBase"]
[SourceDate "2024.10.14"]
[SourceVersion "1"]
[SourceVersionDate "2024.10.14"]
[SourceQuality "1"]

1. e4 c5 2. Nf3 d6 3. d4 cxd4 4. Nxd4 Nf6 5. Nc3 g6 6. Nb3 Bg7 7. Be2 0-0 8. 0-0 Nc6 9. Re1 Be6 10. Bf1 d5 11. Nc5 d4 12. Nxe6 fxe6 13. Nb5 e5 14. c3 a6 15. Na3 b5 16. Nc2 dxc3 17. Qxd8 Rfxd8 18. bxc3 Na5 19. a4 Nc4 20. Na3 Nd6 21. f3 bxa4 22. Nc4 Nd7 23. Be3 Nb5 24. Rec1 Bf8 25. Rxa4 e6 26. Ra2 Kf7 27. Rd2 Kf6 28. h4 h6 29. Kf2 Nc5 30. Ra2 Nd3+ 31. Bxd3 Rxd3 32. Nb6 Rad8 33. c4 Nc3 34. Rxc3 Rxc3 35. Rxa6 Rdd3 36. Nd5+ Kf7 37. Nxc3 Rxc3 38. Ra7+ Kf6 39. Ra8 Rc2+ 40. Kg3 Bg7 41. c5 Rc3 42. Kf2 Rc2+ 43. Kf1 g5 44. hxg5+ hxg5 45. Rb8 g4 46. fxg4 Rc4 47. Rb7 Bf8 48. Kf2 Rxe4 49. Rc7 Rxg4 50. Kf3 Rc4 51. c6 e4+ 52. Ke2 Bd6 53. Rc8 Ke5 54. g4 Rc2+ 55. Kd1 Rc3 56. Kd2 Bb4 57. Ke2 Kd6 58. g5 Rc2+ 59. Kf1 Rc3 60. g6 Rxe3 61. g7 Rg3 62. g8Q Rxg8 63. Rxg8 Kxc6 64. Ke2 Kd5 65. Rg5+ e5 66. Rg8 Kc4 67. Ke3 Kd5 68. Rd8+ Bd6 69. Rd7 Ke6 70. Rb7 Kd5 71. Rb5+ Bc5+ 72. Ke2 Kc4 73. Ra5 e3 74. Ra4+ Kd5 75. Kd3 Bd4 76. Ra5+ Ke6 77. Rb5 Kf5 78. Rb1 Kg4 79. Rf1 Kg3 80. Ke2 Kg4 81. Rf8 Kg3 82. Rf7 Kg4 83. Rf6 Kg3 84. Rf3+ Kg4 85. Rf1 Bc5 86. Kd3 Bd4 87. Ke4 Kg3 88. Kd3 Kg2 89. Rf5 Kg3 90. Ke2 Kg4 91. Rf8 Bc5 92. Rd8 Kf4 93. Rc8 Bd4 94. Rc1 Ke4 95. Rh1 Kd5 96. Rh4 Kc4 97. Rg4 Kc3 98. Rg8 Kc4 99. Rd8 Kc3 100. Rc8+ Kb4 101. Kd3 Kb5 102. Rc2 Kb4 103. Rg2 Kc5 104. Ke4 Kc4 105. Re2 Kc3 106. Rh2 Kc4 107. Rg2 Kc3 108. Ra2 Kb3 109. Re2 Kc3 110. Rg2 Kc4 111. Rh2 Kc5 112. Rc2+ Kb4 113. Kd3 Kb3 114. Rc8 Kb4 115. Rc7 Kb5 116. Rc1 Kb4 117. Rc2 Kb5 118. Rc8 Kb4 119. Rb8+ Kc5 120. Rb1 Kd5 121. Re1 Ke6 122. Ke4 Kd6 123. Re2 Kc5 1/2-1/2

[Event "Titled Tuesday intern op 28th May Early"]
[Site "Chess.com INT"]
[Date "2024.05.28"]
[Round "2"]
[White "Kevlishvili, Robby"]
[Black "Jia, Haoxiang"]
[Result "0-1"]
[WhiteElo "2529"]
[BlackElo "2331"]
[PlyCount "80"]
[EventDate "2024.05.28"]
[EventType "swiss (blitz)"]
[EventRounds "11"]
[EventCountry "USA"]
[SourceTitle "EXT 2025"]
[Source "ChessBase"]
[SourceDate "2024.10.14"]
[SourceVersion "1"]
[SourceVersionDate "2024.10.14"]
[SourceQuality "1"]

1. g3 c5 2. Nf3 b6 3. Bg2 Bb7 4. 0-0 Nf6 5. d3 e6 6. c4 Be7 7. e4 0-0 8. Nc3 Nc6 9. Re1 d6 10. a3 Ne5 11. Rb1 Nxf3+ 12. Bxf3 Nd7 13. b4 Bf6 14. Bb2 Ne5 15. Bg2 Nc6 16. f4 Nd4 17. bxc5 dxc5 18. e5 Bxg2 19. Kxg2 Be7 20. Ne2 Nf5 21. Qd2 Qd7 22. Nc3 Rfd8 23. Rbd1 Rab8 24. Qe2 a6 25. Ne4 b5 26. cxb5 axb5 27. Qg4 Qd5 28. Kh3 Qb3 29. Rb1 Qxd3 30. Nf6+ Bxf6 31. exf6 g6 32. Be5 Rbc8 33. Red1 Qxa3 34. Rxd8+ Rxd8 35. Rxb5 Qd3 36. Rb2 Qf1+ 37. Rg2 Rd2 38. Qf3 Qxf3 39. Rxd2 Qf1+ 40. Kg4 Nd4 0-1

[Event "Titled Tuesday intern op 14th May Early"]
[Site "Chess.com INT"]
[Date "2024.05.14"]
[Round "4"]
[White "Bartel, Mateusz"]
[Black "Jia, Haoxiang"]
[Result "0-1"]
[WhiteElo "2645"]
[BlackElo "2331"]
[PlyCount "80"]
[EventDate "2024.05.14"]
[EventType "swiss (blitz)"]
[EventRounds "11"]
[EventCountry "USA"]
[SourceTitle "EXT 2025"]
[Source "ChessBase"]
[SourceDate "2024.10.14"]
[SourceVersion "1"]
[SourceVersionDate "2024.10.14"]
[SourceQuality "1"]

1. e4 c5 2. Nf3 d6 3. c3 Nf6 4. Bd3 Bg4 5. h3 Bxf3 6. Qxf3 Nc6 7. Bb5 Qb6 8. Na3 a6 9. Ba4 Qa5 10. Bxc6+ bxc6 11. e5 Nd5 12. exd6 exd6 13. 0-0 Be7 14. Re1 Ra7 15. Nc4 Qd8 16. d3 0-0 17. a4 Bf6 18. a5 Re8 19. Rxe8+ Qxe8 20. Bd2 Qd8 21. Re1 Re7 22. Re4 h6 23. Qg3 Rd7 24. Bxh6 Ne7 25. Nb6 Nf5 26. Qf3 Nxh6 27. Nxd7 Qxd7 28. Qe2 g6 29. Re8+ Kg7 30. Rb8 Be5 31. Rb6 Qc8 32. d4 cxd4 33. cxd4 Bxd4 34. Rxa6 Qb7 35. b4 Nf5 36. g3 Nxg3 37. Qc4 Nf5 38. Rxc6 d5 39. Qxd5 Qxb4 40. Rc7 Qe1+ 0-1

[Event "Titled Tuesday intern op 14th May Early"]
[Site "Chess.com INT"]
[Date "2024.05.14"]
[Round "5"]
[White "Nazari, Arad"]
[Black "Jia, Haoxiang"]
[Result "1-0"]
[WhiteElo "2370"]
[BlackElo "2331"]
[PlyCount "99"]
[EventDate "2024.05.14"]
[EventType "swiss (blitz)"]
[EventRounds "11"]
[EventCountry "USA"]
[SourceTitle "EXT 2025"]
[Source "ChessBase"]
[SourceDate "2024.10.14"]
[SourceVersion "1"]
[SourceVersionDate "2024.10.14"]
[SourceQuality "1"]

1. e4 c5 2. Nf3 d6 3. Bb5+ Bd7 4. Bxd7+ Qxd7 5. 0-0 Nf6 6. Re1 Nc6 7. c3 e6 8. d4 cxd4 9. cxd4 d5 10. e5 Ne4 11. a3 Be7 12. Qd3 0-0 13. Nbd2 Nxd2 14. Bxd2 a6 15. h4 h6 16. Re3 f5 17. exf6 Bxf6 18. Rae1 Rae8 19. g3 Qf7 20. R1e2 Bd8 21. b4 Bc7 22. a4 Qh5 23. Kg2 Rf6 24. b5 axb5 25. axb5 Nd8 26. Bb4 b6 27. Qc2 Rf7 28. Ne1 Qg4 29. Qd3 Rf6 30. f3 Qh5 31. Qc2 Rf7 32. Nd3 Qg6 33. f4 Bb8 34. Qc8 Bc7 35. Ne5 Bxe5 36. Rxe5 Qd3 37. Rxe6 Rxe6 38. Rxe6 Qxb5 39. Qxd8+ Kh7 40. Re8 Qxb4 41. h5 Qd2+ 42. Kh3 g5 43. Rh8+ Kg7 44. Qg8+ Kf6 45. Rxh6+ Ke7 46. Qxg5+ Kd7 47. Qxd5+ Ke8 48. Qe6+ Kf8 49. Rh8+ Kg7 50. Qh6# 1-0

[Event "Titled Tuesday intern op 07th May Early"]
[Site "Chess.com INT"]
[Date "2024.05.07"]
[Round "7"]
[White "Wagner, Dennis"]
[Black "Jia, Haoxiang"]
[Result "1/2-1/2"]
[WhiteElo "2613"]
[BlackElo "2331"]
[PlyCount "174"]
[EventDate "2024.05.07"]
[EventType "swiss (blitz)"]
[EventRounds "11"]
[EventCountry "USA"]
[SourceTitle "EXT 2025"]
[Source "ChessBase"]
[SourceDate "2024.10.14"]
[SourceVersion "1"]
[SourceVersionDate "2024.10.14"]
[SourceQuality "1"]

1. d4 Nf6 2. Nf3 g6 3. c4 Bg7 4. Nc3 d6 5. e4 0-0 6. Be2 e5 7. d5 a5 8. h3 Na6 9. Bg5 Qe8 10. Nd2 Nd7 11. g4 f6 12. Be3 f5 13. gxf5 gxf5 14. exf5 Ndc5 15. Nde4 Nxe4 16. Nxe4 Bxf5 17. Ng3 Bg6 18. h4 Nb4 19. h5 Nc2+ 20. Kd2 Nxe3 21. fxe3 Bf7 22. Nf5 Bf6 23. Qg1+ Kh8 24. Rf1 e4 25. Nd4 Be5 26. h6 Bg6 27. Rxf8+ Qxf8 28. Bh5 Bxd4 29. Bxg6 Bxb2 30. Bxe4 Re8 31. Bd3 Qf6 32. Qg7+ Qxg7 33. hxg7+ Bxg7 34. Bxh7 Re5 35. Bf5+ Kg8 36. e4 Re7 37. Kc2 Be5 38. Rb1 b6 39. Kb3 Rg7 40. Be6+ Kf8 41. Rf1+ Ke8 42. Rf3 Rg3 43. Rxg3 Bxg3 44. Ka4 Kd8 45. Kb5 Be5 46. Kc6 Bd4 47. Bf5 Be5 48. Bg4 Bd4 49. Be2 Be5 50. Bd1 Bd4 51. Ba4 Be5 52. Kb7 Bd4 53. Bc6 Bc5 54. Ka6 Bd4 55. Kb5 Be5 56. Ka4 Bd4 57. Kb3 Ke7 58. Kc2 Kf6 59. Bd7 Ke5 60. Bf5 Bc5 61. Kb3 Kf6 62. Ka4 Ke7 63. Kb5 Kd8 64. Kc6 Bd4 65. Bg6 Be5 66. Bh7 Bd4 67. Bg8 Be5 68. a3 Bb2 69. a4 Bd4 70. Bf7 Be5 71. Be6 Bd4 72. Bg4 Be5 73. Bf3 Bd4 74. Bd1 Bc5 75. Bc2 Bd4 76. Bb1 Be5 77. Bd3 Bd4 78. Bc2 Bc5 79. Bb1 Bd4 80. Bd3 Be5 81. Be2 Bd4 82. Bh5 Be5 83. Kb5 Bd4 84. Be2 Be5 85. Bd3 Bd4 86. Bc2 Be5 87. Bb1 Bd4 1/2-1/2

[Event "Titled Tuesday intern op 09th Apr Early"]
[Site "Chess.com INT"]
[Date "2024.04.09"]
[Round "5"]
[White "Jia, Haoxiang"]
[Black "Shuvalova, Polina"]
[Result "0-1"]
[WhiteElo "2331"]
[BlackElo "2439"]
[PlyCount "96"]
[EventDate "2024.04.09"]
[EventType "swiss (blitz)"]
[EventRounds "11"]
[EventCountry "USA"]
[SourceTitle "EXT 2025"]
[Source "ChessBase"]
[SourceDate "2024.10.14"]
[SourceVersion "1"]
[SourceVersionDate "2024.10.14"]
[SourceQuality "1"]

1. e4 c5 2. Nf3 d6 3. Bb5+ Bd7 4. Bxd7+ Qxd7 5. c4 Nc6 6. Nc3 g6 7. d4 cxd4 8. Nxd4 Bg7 9. Be3 Nf6 10. f3 Rc8 11. b3 a6 12. Rc1 0-0 13. 0-0 Rfd8 14. Na4 Rb8 15. Nb6 Qc7 16. Ne2 e6 17. Nd5 Qd7 18. Nb6 Qe7 19. Nc3 h6 20. Qd2 Kh7 21. Rfd1 Nh5 22. g4 Nf6 23. g5 Nh5 24. gxh6 Be5 25. f4 Bh8 26. Kh1 Qh4 27. Rg1 Ne7 28. Rcf1 Qh3 29. f5 exf5 30. Nbd5 Nxd5 31. Nxd5 Ng3+ 32. Rxg3 Qxf1+ 33. Bg1 fxe4 34. h4 Be5 35. Qg2 Qxg2+ 36. Rxg2 b5 37. cxb5 Rxb5 38. Nb6 d5 39. Rf2 f5 40. Rc2 d4 41. Nc4 Kxh6 42. a4 Rbd5 43. Nb6 R5d6 44. Nc4 Re6 45. b4 Bf4 46. b5 axb5 47. axb5 d3 48. Ra2 e3 0-1

[Event "Titled Tuesday intern op 09th Apr Early"]
[Site "Chess.com INT"]
[Date "2024.04.09"]
[Round "1"]
[White "Szente Varga, Fruzsina"]
[Black "Jia, Haoxiang"]
[Result "1/2-1/2"]
[WhiteElo "2025"]
[BlackElo "2331"]
[PlyCount "168"]
[EventDate "2024.04.09"]
[EventType "swiss (blitz)"]
[EventRounds "11"]
[EventCountry "USA"]
[SourceTitle "EXT 2025"]
[Source "ChessBase"]
[SourceDate "2024.10.14"]
[SourceVersion "1"]
[SourceVersionDate "2024.10.14"]
[SourceQuality "1"]

1. e4 c5 2. Nf3 d6 3. d4 cxd4 4. Qxd4 Nc6 5. Bb5 Bd7 6. Qd3 Nf6 7. c4 g6 8. Nc3 Bg7 9. 0-0 0-0 10. h3 a6 11. Bxc6 Bxc6 12. Be3 b5 13. Rfd1 b4 14. Nd5 Bxd5 15. cxd5 Nd7 16. Bd4 Ne5 17. Nxe5 Bxe5 18. Bxe5 dxe5 19. Rac1 Qa5 20. Qg3 f6 21. Qb3 Kg7 22. Rc4 Rab8 23. d6 exd6 24. Rxd6 Rb7 25. a3 Rd8 26. Rcc6 Rxd6 27. Rxd6 Qc7 28. Qe6 Qf7 29. Rxa6 Qxe6 30. Rxe6 bxa3 31. bxa3 Rb1+ 32. Kh2 Rb2 33. f3 Ra2 34. Ra6 h5 35. h4 Ra1 36. Kg3 Ra2 37. Ra7+ Kh6 38. Ra6 Kg7 39. Kh3 Ra1 40. g4 Rf1 41. Kg2 Ra1 42. gxh5 gxh5 43. Kf2 Kg6 44. Ra8 Rh1 45. Kg2 Ra1 46. Ra7 Ra2+ 47. Kg3 Ra1 48. a4 Rg1+ 49. Kf2 Rh1 50. Kg2 Ra1 51. a5 Ra2+ 52. Kg3 Ra3 53. a6 Ra2 54. Ra8 Kg7 55. a7 Ra1 56. Kf2 Ra2+ 57. Ke3 Kh7 58. Kd3 Ra3+ 59. Kc4 Kg7 60. Kd5 Ra5+ 61. Ke6 Ra6+ 62. Kf5 Ra3 63. f4 exf4 64. Kxf4 Ra4 65. Kf5 Ra5+ 66. Kf4 Ra4 67. Ke3 Ra3+ 68. Kd4 Ra4+ 69. Kc5 Ra1 70. Kb6 Rb1+ 71. Kc7 Rc1+ 72. Kd6 Ra1 73. Ke7 Ra4 74. Kd6 Ra6+ 75. Kd7 Ra1 76. Kd6 Ra6+ 77. Kc7 Ra1 78. Kb6 Rb1+ 79. Kc5 Rc1+ 80. Kd4 Ra1 81. Kd5 Ra5+ 82. Ke6 Ra6+ 83. Ke7 Ra4 84. Kd6 Ra6+ 1/2-1/2